Notes et souvenirs de Adolphe Thiers 1870-1873 (Record no. 129603)

MARC details
000 -LEADER
campo de control de longitud fija 00558nam a2200157 i 4500
001 - NÚMERO DE CONTROL
campo de control 129603
003 - IDENTIFICADOR DE NÚMERO DE CONTROL
campo de control ES-MaACL
005 - FECHA Y HORA DE LA ÚLTIMA TRANSACCIÓN
campo de control 20260201063015.0
007 - CAMPO FIJO DE DESCRIPCIÓN FÍSICA--INFORMACIÓN GENERAL
campo de control de longitud fija t|
008 - DATOS DE LONGITUD FIJA--INFORMACIÓN GENERAL
campo de control de longitud fija 070626s1903 fr ||||1| fre d
100 1# - ENTRADA PRINCIPAL--NOMBRE DE PERSONA
Nombre de persona Thiers, Adolphe,
Fechas asociadas al nombre 1797-1877
9 (RLIN) 173508
245 10 - MENCIÓN DEL TÍTULO
Título Notes et souvenirs de Adolphe Thiers 1870-1873
Resto del título : voyage diplomatique. Proposition d'un armistice.--Préliminaires de la paix /
Mención de responsabilidad, etc. Présidence de la République.
260 ## - PUBLICACIÓN, DISTRIBUCIÓN, ETC.
Lugar de publicación, distribución, etc. Paris :
Nombre del editor, distribuidor, etc. [s.n.],
Fecha de publicación, distribución, etc. 1903 (
Fabricante F. Schmidt Fils)
852 ## - LOCALIZACIÓN
Ubicación ES-MaACL
Número de control de estantería F-1328
Holdings
Estatus retirado Estado de pérdida Estado de daño No para préstamo Biblioteca de origen Biblioteca actual Ubicación en estantería Fecha de adquisición Fuente de adquisición Total de préstamos Signatura topográfica completa Código de barras Visto por última vez Precio de reemplazo Tipo de ítem Koha
        Biblioteca del Ateneo de Madrid Biblioteca del Ateneo de Madrid Depósito 2 17/01/2008     F-1328 1134957 23/02/2023 23/02/2023 Libro impreso